000 00494 a2200169 4500
003 OSt
005 20231218153621.0
008 231218b |||||||| |||| 00| 0 eng d
020 _a9788181431134
040 _coclc
082 _a891.46371
_bLIM/D
100 _aLimbale, Sharankumar
_91759
245 _aDALIT BRAHMAN /
_cSharan Kumar Limbale
260 _aNew Delhi:
_bVani Prakashan,
_c2020.
300 _a125p
942 _2ddc
_cBK
_h891.46371
_iLIM/D
_k891.46371
_mLIM/D
999 _c43486
_d43486